Andi 3: me divierto en el cole
Guardat en:
| Autors principals: | , , , , |
|---|---|
| Format: | Llibre |
| Idioma: | espanyol |
| Publicat: |
Madrid
Bruño
1994
|
| Col·lecció: | Educación infantil, 1
|
| Matèries: | |
| Etiquetes: |
Afegir etiqueta
Sense etiquetes, Sigues el primer a etiquetar aquest registre!
|
MARC
| LEADER | 00000nam a2200000 a 4500 | ||
|---|---|---|---|
| 001 | UCP5010 | ||
| 003 | CL-VaPUC | ||
| 008 | 990827e19940000SP |||||||||||||||||spa|d | ||
| 020 | |a 8421622021 | ||
| 082 | 0 | 4 | |a 372.21 |b IGL |2 21 |
| 100 | |a Iglesias Iglesias, Rosa María |e author |9 529236 | ||
| 700 | 0 | |a Camino Montalvo, Socorro |e author |9 433109 | |
| 700 | 0 | |a Juanas Gonzalo, Luisa de |e author |9 433110 | |
| 700 | 0 | |a Serrano Paúl, Pilar |e author |9 433111 | |
| 700 | |a Lalana Josa, Fernando |e author |9 478016 | ||
| 245 | 1 | 0 | |a Andi 3: me divierto en el cole |
| 300 | |a 24 p | ||
| 942 | |c BK | ||
| 945 | |d 19990827 00:00:00 |a rbrito | ||
| 260 | |a Madrid |b Bruño |c 1994 | ||
| 650 | 0 | |a Educación preescolar |9 260381 | |
| 650 | 0 | |a Métodos de enseñanza |9 270413 | |
| 650 | 0 | |a Jardines infantiles |9 307427 | |
| 583 | |a last modification |c 19990827 00:00:00 |k Rodrigo Vera | ||
| 490 | 0 | |a Educación infantil, 1 | |
| 999 | |c 282862 |d 282860 | ||
| 952 | |0 0 |1 0 |4 0 |6 372_210000000000000_IGL_1994 |7 0 |8 P |9 325402 |a BIBEDU |b BIBEDU |d 2019-11-20 |i 3540227 |o 372.21 IGL 1994 |p 3540227 |r 2019-11-20 |w 2019-11-20 |y BK |k BME | ||
| 952 | |0 0 |1 0 |4 0 |6 372_210000000000000_IGL_1994 |7 0 |8 P |9 325403 |a BIBEDU |b BIBEDU |d 2019-11-20 |i 3540235 |o 372.21 IGL 1994 |p 3540235 |r 2019-11-20 |w 2019-11-20 |y BK |k BME | ||
| 952 | |0 0 |1 0 |4 0 |6 372_210000000000000_IGL_1994 |7 0 |8 P |9 325404 |a BIBEDU |b BIBEDU |d 2019-11-20 |i 354138K |o 372.21 IGL 1994 |p 354138K |r 2019-11-20 |w 2019-11-20 |y BK |k BME | ||
| 952 | |0 0 |1 0 |4 0 |6 372_210000000000000_IGL_1994 |7 0 |8 P |9 325405 |a BIBEDU |b BIBEDU |c BIBEDU_PB |d 2019-11-20 |i 3699269 |o 372.21 IGL 1994 |p 3699269 |r 2024-01-25 |w 2019-11-20 |y BK |k EPE | ||